| 000 | 00549nam a2200157 a 4500 | ||
|---|---|---|---|
| 001 | 000042881 | ||
| 005 | 20201002040453.0 | ||
| 008 | 140212s2013 dr a 000 0 spa d | ||
| 040 |
_aDO-SdBNP _bspa _cBNPHU |
||
| 082 |
_axxxxx _bxxxxx |
||
| 100 | 1 |
_aGalán Santana, Junior Rafael, _d1980- _970309 |
|
| 245 | 1 | 3 |
_aEl libro supremo de la numerología / _cJunior Rafael Galán Santana. |
| 260 |
_aSantiago, República Dominicana : _bs. n., _c2013. |
||
| 300 |
_a26 p. : _bil. ; _c21 cm. |
||
| 500 | _aIncluye datos biográficos del autor en la contracubierta | ||
| 999 |
_c42370 _d42370 |
||